Najmniej zamieszkane wsie w Polsce - Statystyki

Ogólne statystyki
  • Ten quiz został rozwiązany 10 razy
  • Średni wynik to 3 z 14
Statystyki odpowiedzi
Województwo Nazwa wsi % Poprawnych
mazowieckie Bieliny
50%
świętokrzyskie Mikołajów
50%
małopolskie Czarne
33%
wielkopolskie Konary
33%
mazowieckie Piotrów
33%
mazowieckie Boguty-Żurawie
17%
podkarpackie Kopysno
17%
mazowieckie Mszadla
17%
mazowieckie Podgórze
17%
warmińsko-mazurskie Talpity
17%
łódzkie Zabrzezie
17%
podlaskie Chłodne Włóki
0%
dolnośląskie Pawłowice Małe
0%
podlaskie Tokarowszczyzna
0%
Nie znaleziono quizów pasujących do podanych kryteriów
Rozkład punktacji
Procent ludzi z każdym wynikiem
Percentyl według liczby udzielonych odpowiedzi
Twoja historia wyników
Nie rozwiązałeś tego quizu